000 00445nam a22001697a 4500
005 20160624100037.0
008 160624b xxu||||| |||| 00| 0 eng d
020 _a978-81-224-3145-2
041 _aeng
082 _b9490
100 _aVenugopal, K and Prabhu Raja, U
_92628
245 _aEngineering Draving Autocad
260 _bNew Age International Publications
_c2012
300 _a4.1
650 _aDiploma Engineering
_9817
942 _cBK
999 _c3753
_d3752